Представление документа в формате RUSMARC

ПолеНазваниеЗначение
  Тип записи a
  Библиографический уровень m
001 Контрольный номер RU/SLIB/B/208718681
005 Дата корректировки 20201206203936.9
010 Индекс ISBN __
d Цена 1-02
101 Язык документа __
a Язык текста rus
200 Заглавие и сведения об ответственности 0_
a Заглавие Причудливые деревья
e Сведения, относящиеся к заглавию пер. с англ.
f Первые сведения об ответственности под ред.и с предисл.П.И.Лапина
b Общее обозначение материала Текст
210 Выходные данные __
a Место издания М.
c Издательство Мир
d Дата издания 1970
215 Физическое описание __
a Объем 371 с.
c Иллюстрации/тип воспроизводства ил.
225 Серия __
a Серия В мире науки и техники
606 Тематические рубрики __
a Основная рубрика Лесное хозяйство
606 Тематические рубрики __
a Основная рубрика Общие вопросы лесного хозяйства
610 Ключевые слова __
a Ключевые слова дендрология; леса; охрана; тропический лес; охрана окружающей среды; сельское хозяйство
686 Индексы других классификаций __
a Классификационный индекс 43
700 Автор _1
a Фамилия Меннинджер
b Имя Э.
4 Код отношения 070
801 Источник записи _0
a Страна RU
b Организация Муниципальное бюджетное учреждение культуры "Централизованная библиотечная система" г. Сургут (Центральная городская библиотека им. А. С. Пушкина)
g Правила каталогизации К/Кундохова В.С.
801 Источник записи _1
a Страна RU
b Организация Муниципальное бюджетное учреждение культуры "Централизованная библиотечная система" г. Сургут (Центральная городская библиотека им. А. С. Пушкина)
g Правила каталогизации К/Кундохова В.С.
852 Данные о местонахождении __
j Шифр хранения 43
c Каталожный индекс 43
i Авторский знак М 50
p Инвентарный номер 20554(с)
901 Тип документа __
t Тип документа m
990 Данные о заказе (DOS) __
j Количество экземпляров (DOS) 1